000 00831nam a2200265 i 4500
003 DO-SdBNP
005 20250424092454.0
007 ta
008 250424b1973 ag ||||| |||| 00| 0 spa d
040 _aDO-SdBNP
_bspa
_cBNPHU
_erda
041 _hspa
082 4 _axxxx
_bxxxx
_222
100 1 _aCabral, Manuel del,
_d1907-1999
_eautor
_4aut.
_923556
245 1 3 _aEl presidente negro /
_cManuel del Cabral ; ediciones Carlos Lohlé
250 _aPrimera edición
264 4 _aBuenos Aires, Argentina :
_bGráficos Didot,
_c©1973..
300 _a259 páginas ;
_c20 cm.
336 _atexto
_btxt
_2rdacontent
337 _asin mediación
_bn
_2rdamedia
338 _avolumen
_bnc
_2rdacarrier
590 _aInventariado, 2025/BT
700 1 _aLohlé, Carlos,,
_d1959-
_eeditor
_924641
_4ed.
910 _aBtavárez
942 _2ddc
_cLBS1
999 _c58770
_d58770